Joueurs français sélectionnés à l'Euro 2024 - Statistiques

Statistiques générales
  • Ce quiz a été pris 287 fois
  • Le résultat moyen est 24 sur 26
Statistiques - réponses
Poste Club Numéro Joueur % Correct
Gardien AC Milan (Italie) 16 Mike Maignan
99%
Milieu de terrain Atletico Madrid (Espagne) 7 Antoine Griezmann
98%
Attaquant Real Madrid (Espagne) 10 Kylian Mbappé
98%
Milieu de terrain Al Ittihad Club (Arabie Saoudite) 13 N'Golo Kanté
97%
Milieu de terrain Real Madrid (Espagne) 8 Aurélien Tchouaméni
96%
Attaquant Los Angeles FC (États-Unis) 9 Olivier Giroud
96%
Défenseur AC Milan (Italie) 22 Théo Hernandez
96%
Gardien West Ham United (Angleterre) 23 Alphonse Areola
95%
Sélectionneur - - Didier Deschamps
95%
Milieu de terrain Real Madrid (Espagne) 6 Eduardo Camavinga
95%
Défenseur FC Barcelone (Espagne) 5 Jules Koundé
95%
Attaquant Paris Saint-Germain (France) 11 Ousmane Dembélé
95%
Attaquant Inter Milan (Italie) 15 Marcus Thuram
94%
Gardien RC Lens (France) 1 Brice Samba
93%
Défenseur Liverpool (Angleterre) 24 Ibrahima Konaté
93%
Milieu de terrain Juventus (Italie) 14 Adrien Rabiot
92%
Défenseur Inter Milan (Italie) 2 Benjamin Pavard
92%
Défenseur Bayern Munich (Allemagne) 4 Dayot Upamecano
92%
Attaquant Paris Saint-Germain (France) 12 Randal Kolo Muani
92%
Défenseur Arsenal (Angleterre) 17 William Saliba
91%
Milieu de terrain Paris Saint-Germain (France) 18 Warren Zaîre-Emery
90%
Défenseur Real Madrid (Espagne) 3 Ferland Mendy
89%
Attaquant Bayern Munich (Allemagne) 20 Kingsley Coman
89%
Attaquant Paris Saint-Germain (France) 25 Bradley Barcola
88%
Défenseur Olympique de Marseille (France) 21 Jonathan Clauss
88%
Milieu de terrain AS Monaco (France) 19 Youssouf Fofana
80%
Aucun quiz correspondant
Distribution des résultats
% des personnes avec chaque résultat
Percentile par nombre de réponses
Votre historique - résultats
Vous n’avez pas pris ce quiz